UBT Library

NURSING INFORMATICS (Record no. 58983)

000 -LEADER
fixed length control field 00335nam a22001457a 4500
008 - FIXED-LENGTH DATA ELEMENTS--GENERAL INFORMATION
fixed length control field 221121b ||||| |||| 00| 0 eng d
020 ## - INTERNATIONAL STANDARD BOOK NUMBER
International Standard Book Number 9781284121247
041 ## - LANGUAGE CODE
Language code of text/sound track or separate title eng
080 ## - UNIVERSAL DECIMAL CLASSIFICATION NUMBER
Edition identifier FOURTH EDITION
Universal Decimal Classification number 610.73
082 ## - DEWEY DECIMAL CLASSIFICATION NUMBER
Classification number 610.73McG
100 ## - Rafti
Rafti 7
101 ## - Shkurtesa
Shkurtesa INF
245 ## - TITLE STATEMENT
Title NURSING INFORMATICS
Statement of responsibility, etc McGONIGLE D
942 ## - ADDED ENTRY ELEMENTS (KOHA)
Source of classification or shelving scheme
Item type Books
Holdings
Withdrawn status Lost status Source of classification or shelving scheme Damaged status Not for loan Collection code Permanent location Current location Date acquired Total Checkouts Full call number Barcode Date last seen Price effective from Koha item type
          Koleksioni i përgjithshem UBT - Lipjan UBT - Lipjan 11/21/2022   610.73McG 002-800028700260786 11/21/2022 11/21/2022 Books
          Koleksioni i përgjithshem UBT - Lipjan UBT - Lipjan 11/21/2022   610.73McG 002-800028700260787 11/21/2022 11/21/2022 Books
          Koleksioni i përgjithshem UBT - Lipjan UBT - Lipjan 11/21/2022   610.73McG 002-800028700260788 11/21/2022 11/21/2022 Books
          Koleksioni i përgjithshem UBT - Lipjan UBT - Lipjan 11/21/2022   610.73McG 002-800028700260789 11/21/2022 11/21/2022 Books
          Koleksioni i përgjithshem UBT - Lipjan UBT - Lipjan 11/21/2022   610.73McG 002-800028700260790 11/21/2022 11/21/2022 Books
          Koleksioni i përgjithshem UBT - Lipjan UBT - Lipjan 12/01/2022   610.73McG 002-800028700260912 12/01/2022 12/01/2022 Books
          Koleksioni i përgjithshem UBT - Lipjan UBT - Lipjan 12/01/2022   610.73McG 002-800028700260913 12/01/2022 12/01/2022 Books
UBT Library © 2015-2024. All rights reserved University Education for Business and Technology